Offensive Führungstaktik

Enregistré dans:
Détails bibliographiques
Auteur principal: Juran, Joseph M.
Autres auteurs: Folchert, H.
Format: Livre
Langue:allemand
Publié: München Moderne Industrie 1966
Édition:1. Aufl.
Tags: Ajouter un tag
Pas de tags, Soyez le premier à ajouter un tag!

MARC

LEADER 00000nam a2200000 4500
001 c024231
005 20221220102328.1
041 0 |a ger 
044 |a DE 
245 1 0 |a Offensive Führungstaktik  |c Joseph M. Juran ; [Z angl. prel.] H. Folchert 
250 |a 1. Aufl. 
264 1 |a München  |b Moderne Industrie  |c 1966 
300 |a 487 s. 
100 1 |a Juran, Joseph M. 
700 1 |a Folchert, H.